书目信息 |
| 题名: |
摄录乐趣多
|
|
| 作者: | 吴国庆 | |
| 分册: | ||
| 出版信息: | 广州出版社 1996.08 |
|
| 页数: | 270页 | |
| 开本: | 32开 | |
| 丛书名: | ||
| 单 册: | ||
| 中图分类: | J404-44 | |
| 科图分类: | ||
| 主题词: | 摄影艺术--艺术理论 | |
| 电子资源: | ||
| ISBN: | 7-80592-384-1 | |
| 000 | 00510nam0 2200193 45 | |
| 001 | 0308271084 | |
| 005 | 20030827105629.2 | |
| 010 | @a7-80592-384-1@dRMB12.00 | |
| 100 | @a20030827d1996 km y0chiy0120 ea | |
| 101 | @achi | |
| 105 | @a z 000yy | |
| 200 | 1 | @a摄录乐趣多@Ashe lu le qu duo@f吴国庆@Fwu guo qing |
| 210 | @c广州出版社@d1996.08 | |
| 215 | @a270页@c无图表@d32开 | |
| 606 | 0 | @a摄影艺术@x艺术理论 |
| 690 | @aJ404-44@v3 | |
| 701 | 0 | @a吴国庆 |
| 801 | @aCN@b@c20030827 | |
| 905 | @aBZT@dJ404-44@e25 | |
| 摄录乐趣多/吴国庆.-广州出版社,1996.08 |
| 270页:无图表;32开 |
| ISBN 7-80592-384-1:RMB12.00 |
| ● |
| 相关链接 |
|
|
|
正题名:摄录乐趣多
索取号:J404-44/25
 
预约/预借
| 序号 | 登录号 | 条形码 | 馆藏地/架位号 | 状态 | 备注 |
| 1 | 83878 | 200055723 | 中心书库中库/ 中库019架A面1列3层21/ [索取号:J404-44/25] | 在馆 | |
| 2 | 83879 | 200055714 | 中心书库中库/ 中库019架A面1列3层19/ [索取号:J404-44/25] | 在馆 | |
| 3 | 83880 | 200055698 | 中心书库中库/ 中库019架A面2列3层19/ [索取号:J404-44/25] | 在馆 | |
| 4 | 83881 | 200055732 | 中心书库中库/ 中库019架A面1列3层20/ [索取号:J404-44/25] | 在馆 | |
| 5 | 83882 | 200055705 | 中心书库中库/ 中库019架A面2列3层18/ [索取号:J404-44/25] | 在馆 |